000 00348nam a2200145Ia 4500
008 230917s9999||||xx |||||||||||||| ||und||
040 _e110494
_aMAIN
041 _aEnglish
082 _a515.7 G557F
100 _aPedrick, George
245 0 _aFirst course in analysis
260 _aNew Delhi
_bSpringer
_c2004
300 _a278 p.
942 _cBK
999 _c135525
_d135525